| 000 | 00802nam a22002777a 4500 | ||
|---|---|---|---|
| 003 | CHAP | ||
| 005 | 20220329140337.0 | ||
| 008 | 971013s1924 r 00010 d | ||
| 010 | _a50711 | ||
| 011 | _a51683 | ||
| 035 | _a55833 | ||
| 040 | _cCHAP | ||
| 082 |
_a551.5 _bV5 |
||
| 100 | 0 | 0 |
_aVisher, Stephen Sargent. _9119982 |
| 245 |
_aClimatic laws... _b: a summary of climate |
||
| 260 |
_aNew York : _bWiley, _c1924 |
||
| 300 |
_a96 p. _b: ilus. |
||
| 590 |
_aBATCH-UPD _b10 _c20130110 _lUCH01 _h0741 |
||
| 590 |
_aBATCH-UPD _b10 _c20130410 _lUCH01 _h0423 |
||
| 590 |
_aBATCH-UPD _b10 _c20130914 _lUCH01 _h0949 |
||
| 590 |
_aCONVERSION _b10 _c20130109 _lUCH01 _h1328 |
||
| 650 | 1 | 4 |
_aClimatologĂa. _923864 |
| 901 | _aBK | ||
| 942 | _cLIBRO | ||
| 949 |
_a551.5 V5 _bBC _cBPP _d33724000271433 _eBPP _i55833 _si |
||
| 999 |
_c50711 _d50711 |
||